[Event "XIX Sant Marti Open 2017"]
[Site "Barcelona"]
[Date "2017.07.21"]
[Round "9"]
[White "Peralta, Fernando"]
[Black "Akash Pc, Iyer"]
[Result "1-0"]
[WhiteElo "2564"]
[BlackElo "2300"]
[Annotator "TA"]
[PlyCount "59"]
[EventDate "2017.??.??"]
[EventType "swiss"]
[EventCountry "ESP"]
[SourceTitle "playchess.com"]
[Source "ChessBase"]
[SourceQuality "1"]

{[%evp 20,59,11,13,39,35,37,35,62,34,31,31,30,38,45,38,51,54,72,72,89,73,95,92,202,196,210,206,200,166,458,466,488,470,556,538,643,640,794,787,768,743]} 1. d4 Nf6 2. c4 e6 3. Nc3 Bb4 4. e3 O-O 5. Bd3 c5 6. Nf3 d5 7. O-O Nc6 8. a3 Ba5 9. h3 dxc4 {E56: Nimzo-Indian: Rubinstein: Main Line: 7...Nc6} (9... Re8 10. cxd5 exd5 11. dxc5 Bxc3 12. bxc3 Qa5 13. Rb1 Qxc5 14. Rb5 Qe7 15. c4 a6 16. Rxd5 Nxd5 17. cxd5 Ne5 18. Nxe5 Qxe5 {1-0 (39) Wang,H (2732)-Hou,Y (2612) Danzhou 2011}) 10. Bxc4 Qe7 11. Qc2 {LiveBook: 7 Games} a6 $146 {The position is equal.} ({Predecessor:} 11... Rd8 12. dxc5 Qxc5 13. Ne4 Nxe4 14. Qxe4 Qf5 15. Qxf5 exf5 16. b4 Bb6 17. Bb2 {½-½ (17) Cvitan,O (2561)-Pelletier,Y (2604) Switzerland 2013}) 12. Ba2 Bc7 13. Rd1 Bd7 14. dxc5 Qxc5 15. b4 Qe7 16. Ne4 Nxe4 17. Qxe4 Rad8 18. Bb2 Bc8 19. h4 Rxd1+ 20. Rxd1 Rd8 21. Rc1 $40 {[%mdl 128] White wants a kill.} f6 (21... Bb8 $16) 22. Bb1 $18 f5 23. Qc4 Kh8 24. a4 {[%cal Ba3a4,Ba4b5][%mdl 32] [#] Hoping for b5.} Rd7 $2 (24... Bb8) 25. b5 {White is clearly winning.} axb5 26. axb5 Na5 27. Qc3 b6 28. Ne5 Bxe5 29. Qxc8+ Rd8 30. Bxe5 {Precision: White = 86%, Black = 22%.} 1-0

[Event "XIX Sant Marti Open 2017"]
[Site "Barcelona"]
[Date "2017.07.21"]
[Round "9"]
[White "Henriquez Villagra, Cristobal"]
[Black "Grigoryan, Karen H"]
[Result "0-1"]
[WhiteElo "2532"]
[BlackElo "2555"]
[Annotator "TA"]
[PlyCount "70"]
[EventDate "2017.??.??"]
[EventType "swiss"]
[EventCountry "ESP"]
[SourceTitle "playchess.com"]
[Source "ChessBase"]
[SourceQuality "1"]

{[%evp 25,70,20,25,-12,-17,-10,-6,-11,-22,-38,-17,-33,-16,-22,-31,-135,-131,-142,-131,-235,-246,-242,-231,-236,-238,-237,-229,-228,-222,-252,-259,-253,-204,-223,-189,-271,-253,-762,-752,-745,-733,-731,-724,-823,-814,-801,-797]} 1. e4 e5 2. Nf3 Nc6 3. Bc4 Bc5 4. c3 Nf6 5. d3 O-O 6. O-O d6 7. h3 a6 8. Bb3 Ba7 9. Nbd2 Ne7 10. Re1 Ng6 11. Nf1 b5 {C54: Giuoco Piano: 4 c3 Nf6, main lines with 5 d4 and 5 d3} (11... c6 12. Ng3 d5 13. exd5 Nxd5 14. d4 exd4 15. Nxd4 h6 16. Bc2 Re8 17. Rxe8+ Qxe8 18. Bb3 Qe5 19. Kh2 {½-½ (42) Leko,P (2693)-Carlsen,M (2840) Doha 2016}) 12. Ng3 Bb7 13. d4 c5 {LiveBook: 5 Games. The position is equal.} 14. Bc2 $146 ({Predecessor:} 14. dxe5 dxe5 15. Qxd8 Rfxd8 {½-½ (43) Sergienko,S (2411)-Novikov,M (2520) Gagarin 2009}) 14... cxd4 15. cxd4 exd4 16. Nxd4 d5 17. e5 Ne4 $1 18. Ngf5 Nxe5 {Black wants to play ...g6.} 19. f3 $1 {[%cal Rf3e4]} g6 20. Nh6+ {[#]} (20. fxe4 $15 dxe4 21. Kh2 (21. Nh6+ Kh8 $17)) 20... Kh8 $1 $17 {Threatens to win with ...f5.} 21. fxe4 dxe4 22. Be3 {[#]} (22. Bxe4 $17 {was necessary.} Qxd4+ 23. Qxd4 Bxd4+ 24. Be3 Bxe3+ 25. Rxe3 Bxe4 26. Rxe4) 22... Nc4 $1 $19 {[%cal Rc4e3]} 23. Bf2 e3 $1 {[%cal Re3f2]} 24. Rxe3 Bxd4 25. Rf3 Bxf2+ 26. Rxf2 f5 27. Qe1 Qf6 28. Re2 Bc6 {aiming for ...Rae8.} ({Inferior is} 28... Qxb2 29. Rd1 $11) 29. Re6 Qd4+ 30. Kh1 (30. Qf2 {might work better.} Qxf2+ 31. Kxf2) 30... Rae8 31. Rd1 $2 (31. Nf7+ Kg7 32. Ng5) 31... Rxe6 {Black is clearly winning.} 32. Qxe6 {[#]} Bxg2+ $1 {[%mdl 512]} 33. Kxg2 Ne3+ 34. Kg3 Nxd1 35. Bxd1 Qg1+ {Precision: White = 44%, Black = 84%.} 0-1

[Event "XIX Sant Marti Open 2017"]
[Site "Barcelona"]
[Date "2017.07.21"]
[Round "9"]
[White "Narciso Dublan, Marc"]
[Black "Oliva Castaneda, Kevel"]
[Result "1/2-1/2"]
[WhiteElo "2516"]
[BlackElo "2497"]
[Annotator "TA"]
[PlyCount "84"]
[EventDate "2017.??.??"]
[EventType "swiss"]
[EventCountry "ESP"]
[SourceTitle "playchess.com"]
[Source "ChessBase"]
[SourceQuality "1"]

{[%evp 27,84,0,21,0,0,0,0,0,10,19,22,0,0,0,0,0,41,12,5,0,0,0,26,47,15,16,36,0,45,28,27,18,0,-35,-34,-24,-32,-28,-30,-39,-7,-4,0,0,0,0,0,0,0,0,0,0,0,0,0,0,0,0,0]} 1. e4 c5 2. Nf3 d6 3. d4 cxd4 4. Nxd4 Nf6 5. Nc3 a6 6. g3 e5 7. Nb3 Be7 8. Bg2 O-O 9. O-O b5 10. a4 {B91: Sicilian Najdorf: 6 g3} b4 11. Nd5 Nxd5 12. Qxd5 Ra7 13. Be3 Be6 14. Qd3 Rb7 {LiveBook: 10 Games} (14... Ra8 15. f4 Qc7 16. Nd2 a5 17. Rf2 f6 {0-1 (39) Hou,Y (2652)-Grischuk,A (2750) Moscow 2017}) 15. a5 {[#]} Rb5 $146 ({Predecessor:} 15... Qc8 16. Rfc1 Nd7 17. Bf1 Rb5 18. Qd1 Rb8 19. Qd3 Rb5 20. Qd1 Rb8 21. Qd3 Rb5 22. Qd1 {½-½ (22) Popovic,D (2579)-Saric,I (2560) Sibenik 2011}) 16. Rfc1 Nd7 17. Bf1 Qa8 18. Qd1 Rbb8 19. Qd3 Rb5 $1 20. Qd1 Rbb8 21. Nd2 {[%cal Bb3d2,Bd2c4,Bc4b6][%mdl 32]} Nc5 22. Qe2 (22. Bxc5 $5 dxc5 23. Qe2 $11) 22... Rfc8 23. Nc4 Qxe4 {Threatens to win with ...Bd5.} 24. Nb6 Rf8 (24... Rc7 {with more complications.} 25. Bg2 Qf5 26. Rd1 g6 27. Nd5 Bxd5 28. Bxd5 e4) 25. Bg2 Qg4 26. Qxg4 Bxg4 27. Re1 f6 28. Bf1 Bd8 29. Bxc5 dxc5 30. Bxa6 Bxb6 31. Bc4+ Kh8 {[#] ...Ba7 is the strong threat.} 32. axb6 Rxb6 33. Ra5 Rc8 34. f4 {The position is equal.} Rd6 35. fxe5 fxe5 36. Bd3 Rd5 37. b3 Bh3 38. Ra7 Rf8 39. Re7 g6 40. R7xe5 Rfd8 41. Rxd5 Rxd5 42. Kf2 Bf5 {Precision: White = 62%, Black = 74%.} 1/2-1/2

[Event "XIX Sant Marti Open 2017"]
[Site "Barcelona"]
[Date "2017.07.21"]
[Round "9"]
[White "Arizmendi Martinez, Julen Luis"]
[Black "Salinas Herrera, Pablo"]
[Result "1-0"]
[WhiteElo "2511"]
[BlackElo "2438"]
[Annotator "TA"]
[PlyCount "73"]
[EventDate "2017.??.??"]
[EventType "swiss"]
[EventCountry "ESP"]
[SourceTitle "playchess.com"]
[Source "ChessBase"]
[SourceQuality "1"]

{[%evp 19,73,38,29,29,11,20,11,13,31,23,32,22,38,52,169,169,336,305,325,328,416,406,527,536,470,435,592,560,564,539,745,637,861,856,846,696,694,599,750,0,628,642,639,626,611,588,582,533,1508,1506,1446,1418,1508,1461,29965,11656]} 1. d4 d5 2. c4 e6 3. Nf3 Nf6 4. Nc3 a6 5. cxd5 exd5 6. Bg5 {D37: Queen's Gambit Declined: 5 Bf4} (6. Qb3 b5 7. Bg5 Be6 8. Qc2 Nbd7 9. e3 c5 10. dxc5 Bxc5 11. Bd3 h6 12. Bh4 Rc8 13. O-O O-O {½-½ (39) Gelfand,B (2728)-Mamedyarov,S (2800) Geneve 2017}) 6... Be6 7. e3 Nbd7 8. Bd3 h6 9. Bh4 g5 10. Bg3 Nh5 {LiveBook: 25 Games} 11. e4 Nxg3 $146 ({Predecessor:} 11... Nb6) 12. hxg3 c6 13. exd5 cxd5 14. Qe2 Be7 15. Kf1 Qb6 16. Re1 {[#] And now Nxd5! would win.} g4 (16... Qd6 $14) 17. Ne5 $36 {[%mdl 2048] aiming for Ng6! White has strong initiative.} Nf6 $2 (17... Bb4 18. Ng6 (18. Nxg4 Qxd4 19. Ne3 Bxc3 $16) 18... Bxc3 19. bxc3 fxg6) 18. Na4 Qd6 19. Nc5 Bc8 20. Qc2 Ne4 21. Bxe4 dxe4 22. Qxe4 f5 23. Qe3 Rh7 24. Nc4 Qg6 25. d5 {Strongly threatening d6.} Kf8 {[#]} 26. Nb6 $1 {[%mdl 512]} Qd6 (26... Qxb6 27. Ne6+) 27. b4 Rb8 28. Rh5 Qg6 29. Rh1 $2 (29. Qf4 $18 Ra8 30. Nxa8 Qxh5 31. Qc7 Qh1+ 32. Ke2 Qxg2 33. Qxc8+ Kg7 34. Qxf5) 29... Kg8 $2 {[%mdl 8192]} (29... Qd6 $11 30. Nxc8 Rxc8) 30. Qe5 Qxb6 31. Qxb8 Qd8 32. Nxb7 Qf8 33. d6 Bxb7 34. Qxb7 {[%cal Re1e7]} Bxd6 35. Qd5+ Kh8 36. Rh5 Rf7 37. Re6 {Precision: White = 83%, Black = 43%.} 1-0

[Event "XIX Sant Marti Open 2017"]
[Site "Barcelona"]
[Date "2017.07.21"]
[Round "9"]
[White "Cuartas, Jaime Alexander"]
[Black "Burmakin, Vladimir"]
[Result "1/2-1/2"]
[WhiteElo "2501"]
[BlackElo "2505"]
[Annotator "TA"]
[PlyCount "48"]
[EventDate "2017.??.??"]
[EventType "swiss"]
[EventCountry "ESP"]
[SourceTitle "playchess.com"]
[Source "ChessBase"]
[SourceQuality "1"]

{[%evp 17,48,27,30,5,40,30,41,45,34,35,44,37,30,30,53,36,31,32,55,32,32,32,40,31,30,32,34,35,35,22,39,10,37]} 1. e4 c6 2. d4 d5 3. Nc3 g6 4. h3 Bg7 5. Nf3 dxe4 6. Nxe4 Nf6 7. Nxf6+ exf6 8. Bc4 O-O 9. O-O Nd7 10. Re1 {B15: Caro-Kann: 3 Nc3: 3...g6 and 3...dxe4 4 Nxe4 Nf6 5 Nxf6+ exf6} Nb6 (10... b5 $5 {[%cal Rb5c4]} 11. Bd3 Nb6 $14) (10... b5 11. Bb3 Nb6 12. a4 bxa4 13. Bxa4 Nxa4 14. Rxa4 Be6 15. b3 {½-½ (15) Gurevich,V (2471)-Rotstein,A (2501) Germany 2017}) 11. Bf1 Be6 12. b3 {White is slightly better.} Qc7 $146 ({NOTEXT:} 12... a5 13. c4 a4 14. Bf4 Re8 15. Qd2 h5 16. Rad1 axb3 17. axb3 Bf8 {1-0 (29) Milliet,S (2397)-Matnadze,A (2384) Linares 2013}) 13. c4 Rad8 14. Bb2 f5 15. Qd2 Nc8 16. Rac1 Nd6 17. Bd3 {[#] Threatens to win with d5!} Bc8 18. Re2 Rfe8 19. Rce1 Rxe2 20. Rxe2 Re8 21. Qf4 {[#] Strongly threatening Ba3.} Rxe2 22. Bxe2 Ne8 23. Qe3 Qd8 24. Ba3 a6 {Precision: White = 50%, Black = 39%.} 1/2-1/2

[Event "XIX Sant Marti Open 2017"]
[Site "Barcelona"]
[Date "2017.07.21"]
[Round "9"]
[White "Rios, Cristhian Camilo"]
[Black "Kulkarni, Rakesh"]
[Result "1/2-1/2"]
[WhiteElo "2477"]
[BlackElo "2288"]
[Annotator "TA"]
[PlyCount "53"]
[EventDate "2017.??.??"]
[EventType "swiss"]
[EventCountry "ESP"]
[SourceTitle "playchess.com"]
[Source "ChessBase"]
[SourceQuality "1"]

{[%evp 10,53,37,32,63,53,62,60,47,24,77,72,83,-46,53,39,31,16,22,35,55,31,145,139,149,148,122,134,125,111,117,-11,-9,-14,-28,-16,-27,-12,-25,-49,-35,-14,0,0,0,-7]} 1. d4 Nf6 2. c4 e5 3. dxe5 Ng4 4. e3 Nxe5 5. Nc3 (5. Nh3 Bb4+ 6. Bd2 a5 7. Nf4 d6 8. Nc3 O-O 9. Be2 Re8 10. O-O Nbd7 11. Qc2 Nf6 12. Rad1 c6 13. Na4 Bxd2 14. Rxd2 {1-0 (49) Wojtaszek,R (2727)-Ivanchuk,V (2710) Huaian 2016}) 5... Bc5 6. f4 {LiveBook: 3 Games. A52: Budapest Gambit} Nec6 7. Bd3 d6 8. a3 {White is slightly better.} a5 9. Qc2 Nd7 (9... Qh4+ $11 10. Qf2 Qxf2+ 11. Kxf2 Be6) 10. Nf3 $16 Nf6 11. Nd5 $146 ({Better is} 11. Bd2 $16) ({Predecessor:} 11. Ng5 h6 12. Nge4 Nxe4 13. Nxe4 {½-½ (20) Blittkowsky,R (1907)-Goy,U (1913) GER email 2012}) 11... O-O (11... Nxd5 $15 12. cxd5 Ne7) 12. Nxf6+ Qxf6 13. Bxh7+ Kh8 {[#] Hoping for ...g6.} 14. Be4 Re8 15. Bd2 $1 Nd4 (15... Bg4 $14) 16. exd4 Bf5 17. Ne5 $1 dxe5 18. Bxf5 exf4+ {[#]} 19. Kf1 $1 Bxd4 20. Rb1 ({Worse is} 20. Bxf4 g6 $17) ({White should try} 20. Be4 $16) 20... Re5 $1 $36 {[%mdl 2048] Black fights for an advantage.} 21. Be4 $1 {Qd3 is the strong threat.} Rae8 $1 22. Bf3 $1 ({Wrong is} 22. Bxb7 $2 Re2 $19) 22... Qh4 {[%csl Gd4][%cal Rh4f2]} 23. Bc3 Re3 $1 24. Qd2 Rd3 $1 {[%cal Rd3d2][%mdl 1024] Black has compensation.} 25. Qc2 Rde3 {White must now prevent ...Bxc3.} 26. Qd2 Rd3 $1 {[%cal Rd3d2]} 27. Qc2 {Precision: White = 54%, Black = 53%.} 1/2-1/2

[Event "XIX Sant Marti Open 2017"]
[Site "Barcelona"]
[Date "2017.07.21"]
[Round "9"]
[White "Fernandez, Fernando"]
[Black "Himanshu, Sharma"]
[Result "1-0"]
[WhiteElo "2424"]
[BlackElo "2498"]
[Annotator "TA"]
[PlyCount "106"]
[EventDate "2017.??.??"]
[EventType "swiss"]
[EventCountry "ESP"]
[SourceTitle "playchess.com"]
[Source "ChessBase"]
[SourceQuality "1"]

{[%evp 11,106,12,20,0,11,20,20,14,28,19,48,42,45,47,54,50,39,39,50,52,43,39,72,66,60,46,66,31,38,47,70,82,174,181,353,312,352,339,393,402,389,313,336,320,325,304,313,302,324,335,326,316,320,246,358,312,288,203,293,261,247,258,266,277,402,409,425,426,488,477,461,430,471,463,441,401,468,466,618,622,592,577,683,658,831,808,2653,2296,29985,29986,29985,29986,29985,29986,29995,29996,29998]} 1. e4 c5 2. Nf3 e6 3. g3 Nc6 4. Bg2 Nf6 5. Qe2 d6 6. O-O Be7 7. Rd1 {C00: French: Unusual White 2nd moves} (7. c3 O-O 8. d4 cxd4 9. cxd4 d5 10. e5 Ne4 11. Nc3 Nxc3 12. bxc3 Bd7 13. h4 Rc8 14. Ng5 h6 15. Nh3 {½-½ (62) Malakhov,V (2713)-Akopian,V (2675) Doha 2016}) 7... O-O 8. d4 cxd4 9. Nxd4 {The position is equal.} Nxd4 10. Rxd4 Qb6 11. Rd1 Bd7 12. c4 Rac8 13. b3 Rfd8 $146 ({Predecessor:} 13... Bc6 14. Nc3 a6 {0-1 (38) Mateos Rozas,M (2153)-Mellado Trivino,J (2395) Torredembarra 2017}) 14. Be3 Qa5 15. Bd2 Qc7 16. Nc3 Ne8 17. Rac1 a6 18. Bf4 Bf6 19. Qd2 b5 20. c5 {[%cal Rc5d6]} Qxc5 {[%cal Rf6c3]} 21. Nd5 $1 Qa3 {[#]} (21... Qa7 $16 22. Nxf6+ gxf6) 22. Rxc8 $1 $18 Bxc8 $2 (22... Rxc8 23. Nb6 Rc7) 23. Nxf6+ gxf6 {[#]} 24. e5 $1 {[%cal Re5d6][%mdl 512]} fxe5 {[#]} (24... dxe5 25. Qxd8) 25. Bxe5 $1 {[%mdl 512]} f6 (25... dxe5 26. Qxd8) 26. Bd4 ({Not} 26. Qh6 Rd7 $16) 26... d5 27. Bb6 Qe7 {If Black can now play ...Rd7 this consolidates a bit.} 28. Bxd8 Qxd8 29. Qc3 Bd7 30. Qc5 Kf7 31. Bf3 Qe7 32. Qe3 Ng7 (32... Kf8 $142 33. Qa7 Bc8) 33. Qh6 Kg8 34. Bg4 Be8 (34... Ne8 $142 35. Bf3 Qd6) 35. Qe3 Qd6 36. Qa7 h5 37. Bf3 Kh7 (37... Qc6 {keeps fighting.} 38. Qd4 Kf7) 38. Rc1 f5 39. Rc8 Bg6 40. Qa8 {[%csl Ga8][%cal Rc8h8]} Bf7 41. Rc6 Qe5 42. Qf8 Kg6 43. Qb4 Ne8 44. Rxa6 d4 45. Ra7 Qf6 46. Qxb5 Nd6 47. Qb4 Ne4 48. h4 e5 49. Qf8 {Intending Rxf7! and mate.} Nd2 50. Bxh5+ {White mates.} Kxh5 51. Rxf7 Nf3+ 52. Kg2 Ne1+ 53. Kh3 Qd6 {Precision: White = 84%, Black = 29%.} 1-0

[Event "XIX Sant Marti Open 2017"]
[Site "Barcelona"]
[Date "2017.07.21"]
[Round "9"]
[White "Oblitas, Carlomagno"]
[Black "Asis Gargatagli, Hipolito"]
[Result "0-1"]
[WhiteElo "2395"]
[BlackElo "2505"]
[Annotator "TA"]
[PlyCount "104"]
[EventDate "2017.??.??"]
[EventType "swiss"]
[EventCountry "ESP"]
[SourceTitle "playchess.com"]
[Source "ChessBase"]
[SourceQuality "1"]

{[%evp 21,104,48,43,0,0,0,0,-3,-3,-14,-7,-3,-1,0,-7,-3,0,-8,-8,0,0,-6,-14,-8,-11,-9,-13,-106,-100,-132,-130,-141,-138,-149,-141,-139,-131,-135,-135,-132,-132,-154,-158,-184,-159,-439,-235,-220,-166,-165,-159,-156,-150,-171,-176,-287,-179,-297,-272,-330,-291,-438,-385,-386,-383,-414,-410,-384,-361,-1096,-536,-1755,-557,-1597,0,-738,-723,-866,-820,-12843,-12843,-29981,-29981,-12847,-12847]} 1. d4 Nf6 2. Nf3 e6 3. g3 b6 4. Bg2 Bb7 5. O-O g6 6. c4 Bg7 7. Nc3 Ne4 8. Nxe4 Bxe4 9. Bg5 {A50: Queen's Fianchetto Defence (1 d4 Nf6 2 c4 b6)} Qc8 10. Qd2 h6 11. Be3 d6 {LiveBook: 22 Games} 12. c5 $146 ({Predecessor:} 12. Rac1 Nd7 13. c5 d5 14. b4 bxc5 15. dxc5 c6 16. Rfd1 a6 {½-½ (29) L'Ami,E (2626)-Harikrishna,P (2696) Vlissingen 2013}) 12... Nc6 {[%cal Bb8c6,Bc6e7,Be7f5][%mdl 32]} 13. cxd6 cxd6 14. Bf4 Qd7 15. Rfc1 Rd8 16. Be3 Ne7 17. Ne1 Bxg2 18. Nxg2 Nf5 19. Rc2 O-O 20. Rac1 Rc8 21. b3 Rxc2 22. Rxc2 Rc8 23. Rxc8+ Qxc8 24. g4 {[#]} (24. f3 $11 {keeps the balance.}) 24... Nxd4 $1 $17 {[%mdl 512]} 25. Bxd4 Bxd4 26. h3 Qc5 27. e3 Bf6 28. Nf4 d5 29. Nd3 Qc6 30. Qc1 Qd6 31. f4 Kg7 32. Qc8 e5 33. Qe8 $2 (33. fxe5 $17 Bxe5 34. Qc2) 33... exf4 (33... e4 $142 34. Ne5 Bxe5 35. Qxe5+ Qxe5 36. fxe5 Kf8) 34. exf4 $19 Qc7 35. Qe2 Qc3 36. Kg2 Bd4 37. Qd1 Be3 38. h4 (38. Kg3 $142) 38... d4 39. h5 {[#]} (39. g5 {keeps fighting.}) 39... Qc6+ $1 40. Kh3 {[#]} Qe4 $1 41. hxg6 (41. Qf1 $142) 41... fxg6 42. Qf1 h5 43. gxh5 Qf5+ 44. Kg3 gxh5 45. Kf3 $2 (45. Ne5 h4+ 46. Kxh4 Bxf4 47. Qg2+ Kf6 48. Ng4+ Ke6 49. Nf2) 45... Kf6 (45... Qg4+ $142 46. Ke4 Kf6) 46. a4 Qg4+ 47. Ke4 Qf5+ (47... h4 $142 48. b4 h3) 48. Kf3 h4 {[%cal Bh5h4,Bh4h3][%mdl 32]} 49. b4 Qh5+ 50. Ke4 h3 51. Ne5 Qf5+ 52. Kd5 Bxf4 {Precision: White = 32%, Black = 68%.} 0-1

[Event "XIX Sant Marti Open 2017"]
[Site "Barcelona"]
[Date "2017.07.21"]
[Round "9"]
[White "Ryan, Joseph"]
[Black "Zubritskiy, Artyom"]
[Result "1/2-1/2"]
[WhiteElo "2284"]
[BlackElo "2442"]
[Annotator "TA"]
[PlyCount "81"]
[EventDate "2017.??.??"]
[EventType "swiss"]
[EventCountry "ESP"]
[SourceTitle "playchess.com"]
[Source "ChessBase"]
[SourceQuality "1"]

{[%evp 20,81,16,5,25,25,34,8,12,8,6,6,12,9,10,10,2,1,33,22,26,24,25,0,8,8,8,16,25,0,0,0,0,-27,0,0,0,0,0,0,0,0,0,0,0,0,0,0,0,0,0,0,0,0,0,0,0,0,0,0,0,0,0,0]} 1. e4 c5 2. Nf3 d6 3. Bb5+ Bd7 4. Bxd7+ Qxd7 5. c4 Nc6 6. d4 cxd4 7. Nxd4 Nf6 8. Nc3 g6 9. b3 Bg7 10. Bb2 O-O 11. O-O Rfe8 {B52: Sicilian: Moscow Variation with 3...Bd7} (11... Rac8 12. Re1 Rfd8 13. Nd5 Ne8 14. Qd2 e6 15. Ne3 Nf6 16. Qc2 d5 17. e5 Nh5 18. Rad1 Qe7 19. g3 Rb8 20. Bc3 Qa3 21. Rd3 a5 22. Red1 Qc5 23. Qd2 Rdc8 {½-½ (23) Yu,Y (2725)-Lu,S (2607) Shenzhen 2016}) 12. Re1 e6 $146 ({Predecessor:} 12... Nxd4 13. Qxd4 Qc6 14. Nd5 e5 15. Nxf6+ Bxf6 16. Qd3 Bd8 17. Rad1 Ba5 18. Re2 Rad8 19. Qd5 {1-0 (68) Negulescu,A (2450)-Hristodorescu,D (2285) Romania 1994}) 13. Qd2 Red8 14. Rad1 Nxd4 15. Qxd4 Nd5 16. Qd2 Nxc3 17. Bxc3 Bxc3 18. Qxc3 Qc6 19. Qf6 b5 20. cxb5 Qxb5 21. e5 Qa5 22. h4 dxe5 23. h5 {And now h6 would win.} gxh5 24. Rxd8+ Rxd8 25. Rxe5 $11 {[%mdl 4096] Endgame KQR-KQR} Rd5 26. Re3 (26. Qg5+ $5 Kf8 27. Qh6+ Ke7 28. Rxd5 Qxd5 29. Qxh7 $11) 26... Rf5 27. Qe7 {The position is equal.} h6 28. Rg3+ Rg5 $1 29. Rf3 Rf5 30. Rg3+ Rg5 $1 31. Rf3 Rf5 32. Rxf5 exf5 {KQ-KQ} 33. a4 Kg7 34. g3 Qb6 35. b4 Qd4 36. a5 f4 37. gxf4 Qxf4 38. Qxa7 {aiming for Qe3.} Qg4+ 39. Kh2 {Qe3 is the strong threat.} Qh4+ 40. Kg2 {Threatens to win with Qe3.} Qg4+ 41. Kh2 {Precision: White = 75%, Black = 64%.} 1/2-1/2

[Event "XIX Sant Marti Open 2017"]
[Site "Barcelona"]
[Date "2017.07.21"]
[Round "9"]
[White "Vantika Agrawal"]
[Black "Iniyan, P."]
[Result "1-0"]
[WhiteElo "2230"]
[BlackElo "2380"]
[Annotator "NA"]
[PlyCount "73"]
[EventDate "2017.??.??"]
[EventType "swiss"]
[EventCountry "ESP"]
[SourceTitle "playchess.com"]
[Source "ChessBase"]
[SourceQuality "1"]
[TimeControl "5400+30"]

1. d4 {[%emt 0:00:13]} Nf6 {[%emt 0:00:29]} 2. Nf3 {[%emt 0:00:51]} g6 {[%emt 0:00:08]} 3. g3 {[%emt 0:00:05]} Bg7 {[%emt 0:00:09]} 4. Bg2 {[%emt 0:00:18]} O-O {[%emt 0:00:08]} 5. O-O {[%emt 0:00:06]} d6 {[%emt 0:00:06]} 6. c4 {[%emt 0:00:03]} Nc6 {[%emt 0:00:27]} 7. Nc3 {[%emt 0:00:11]} a6 {[%emt 0:00:06]} 8. Qd3 {[%emt 0:00:20]} Bd7 {[%emt 0:00:08]} 9. d5 {[%emt 0:00:38]} Nb4 {[%emt 0:00:11]} 10. Qd1 {[%emt 0:00:14]} a5 {[%emt 0:00:15]} 11. a3 {[%emt 0:02:42]} Na6 {[%emt 0:00:12]} 12. Be3 {[%emt 0:00:52]} Qc8 {[%emt 0:06:51]} 13. Bd4 {[%emt 0:02:37]} e5 {[%emt 0:09:14]} 14. dxe6 {[%emt 0:03:09]} fxe6 {[%emt 0:00:36]} 15. Ng5 {[%emt 0:19:06]} Bc6 {[%emt 0:08:46]} 16. Bh3 {[%emt 0:12:26]} Bd7 {[%emt 0:00:05]} 17. Bg2 {[%emt 0:00:42]} Nb8 {[%emt 0:05:13]} 18. Nge4 {[%emt 0:14:23]} Nxe4 {[%emt 0:01:27]} 19. Nxe4 {[%emt 0:00:22]} Nc6 {[%emt 0:05:10]} 20. Bxg7 {[%emt 0:00:25]} Kxg7 {[%emt 0:00:07]} 21. Qd2 {[%emt 0:02:38]} a4 {[%emt 0:01:28]} 22. Rad1 {[%emt 0:05:46]} b6 {[%emt 0:01:58]} 23. c5 {[%emt 0:05:15]} bxc5 24. Nxc5 {[%emt 0:00:41]} e5 {[%emt 0:08:02]} 25. Nxd7 {[%emt 0:12:56]} Qxd7 {[%emt 0:00:08]} 26. Qc3 {[%emt 0:00:44]} Ra6 27. Qc4 {[%emt 0:00:50]} Nb8 {[%emt 0:01:38]} 28. f4 {[%emt 0:06:20]} Qe7 {[%emt 0:14:13]} 29. fxe5 {[%emt 0:02:25]} Rf5 {[%emt 0:10:30]} 30. e6 {[%emt 0:01:52]} c6 {[%emt 0:04:41]} 31. Bh3 {[%emt 0:01:49]} Qa7+ {[%emt 0:02:23]} 32. Kh1 {[%emt 0:00:33]} d5 {[%emt 0:00:26]} 33. Qc3+ {[%emt 0:00:39]} d4 {[%emt 0:00:05]} 34. Rxd4 {[%emt 0:00:32]} Rxf1+ {[%emt 0:00:04]} 35. Bxf1 {[%emt 0:00:07]} Kf8 {[%emt 0:00:15]} 36. Rf4+ {[%emt 0:00:46]} Kg8 {[%emt 0:00:01]} 37. Qf6 {[%emt 0:00:23]} 1-0